Statistics for Champions League Semi-Finalists

Click here to take the quiz!

General Stats

  • This quiz has been taken 248 times
    (153 since last reset)
  • The average score is 24 of 30

Answer Stats

Answer% Correct
Liverpool
100%
Real Madrid
100%
Barcelona
100%
Bayern Munich
98%
Tottenham Hotspur
98%
Juventus
97%
Manchester United
97%
Chelsea
95%
Ajax
95%
A.C. Milan
95%
Borussia Dortmund
95%
Internazionale
94%
Porto
94%
Atlético Madrid
93%
Roma
92%
Arsenal
92%
Manchester City
92%
Valencia
91%
Monaco
87%
Paris Saint-Germain
83%
Olympique Lyonnais
81%
PSV Eindhoven
79%
Bayer Leverkusen
75%
FC Schalke 04
65%
Deportivo La Coruña
57%
Leeds United
53%
Villarreal
50%
Panathinaikos
26%
Dynamo Kyiv
24%
Nantes
20%

Score Distribution

Percentile by Number Answered

Percent of People with Each Score

Your Score History

You have not taken this quiz since the last reset